| 000 | 00448cam a2200193ua 4500 | ||
|---|---|---|---|
| 001 | 8961 | ||
| 008 | 181008n II |||gr||||Z||||||asm | ||
| 040 | _aMAIN | ||
| 041 | _aEnglish | ||
| 041 | _aasm | ||
| 082 | _a320.3 GOG | ||
| 100 | _aGOGOI,PURANDAR. | ||
| 245 | _aTULANAMULAK SARKAR ARU SANGBIDHAN | ||
| 250 | _a11TH. | ||
| 260 |
_aDIBRUGARH: _bBANALATA., _c2001. |
||
| 300 |
_a920: _c20CM. |
||
| 653 | _aCOMPARATIVE GOVERNMENT | ||
| 942 | _cBK | ||
| 999 |
_c8937 _d8937 |
||